| 000 | 00521cam a22001817a 4500 | ||
|---|---|---|---|
| 003 | OSt | ||
| 005 | 20150708162907.0 | ||
| 008 | 150626s2015 spca 000 0 spa|d | ||
| 017 | _aDL B. 10813-2015 | ||
| 020 | _a9788416290277 | ||
| 040 |
_bcat _cCDMR |
||
| 100 | 1 | _aAmat, Kiko | |
| 245 | 1 | 0 |
_aChap chap _b: una antologĂa confesional _cKiko Amat |
| 260 |
_aBarcelona _bBlackie Books _c2015 |
||
| 300 |
_a496 p. : _bil. ; _c21 cm |
||
| 500 | _aRecull d'articles publicats per l'autor entre 1987 i 2014 | ||
| 942 |
_cMON _2udc |
||
| 999 |
_c6874 _d6874 |
||